Istilah ekonomi : Bahasa Inggeris-Bahasa Malaysia, Bahasa Malaysia-Bahasa Inggeris

Bibliographic Details
Corporate Author: Dewan Bahasa dan Pustaka
Format: Book
Language:English
Published: Kuala Lumpur : Dewan Bahasa dan Pustaka 1999
Edition:Sixth edition
Subjects:

MARC

LEADER 00000cam a2200000 7i4500
001 0000008465
005 20240913.0
008 010208 my eng
020 |a 9836264973 (pbk) 
040 |a INS   |b eng   |e rda 
090 0 0 |a RPL5087.3.E19   |b .I87 1999 
245 0 0 |a Istilah ekonomi :   |b Bahasa Inggeris-Bahasa Malaysia, Bahasa Malaysia-Bahasa Inggeris 
250 |a Sixth edition 
264 1 |a Kuala Lumpur :   |b Dewan Bahasa dan Pustaka   |c 1999 
300 |a 793 pages ;   |c 14 cm. 
336 |a text  |2 rdacontent 
337 |a unmediated  |2 rdamedia 
338 |a volume  |2 rdacarrier 
650 0 |a Economics   |x Dictionaries 
650 0 |a Economics   |x Dictionaries   |x Malay 
710 1 |a Dewan Bahasa dan Pustaka 
999 |a 0000008027   |b BOOK   |c Red Spot   |e Default branch 
999 |a 0000008093   |b BOOK   |c Red Spot   |e Default branch 
999 |a 0000009397   |b BOOK   |c Red Spot   |e Default branch